[Event "e2e4.org.uk Bedford Open"]
[Site "Park Inn Hotel, Bedford, Engla"]
[Date "2013.09.21"]
[Round "2"]
[White "Mangione, Claudio"]
[Black "Amato, Giampiero"]
[Result "1/2-1/2"]
[WhiteElo "2146"]
[BlackElo "2015"]
[PlyCount "64"]
[EventDate "2013.??.??"]

1. c4 c5 2. g3 Nc6 3. Bg2 g6 4. Nc3 Bg7 5. Nf3 e6 6. d3 Nge7 7. Bg5 h6 8. Bd2
O-O 9. a3 d5 10. O-O b6 11. Rb1 Bb7 12. Qc1 Kh7 13. b4 cxb4 14. axb4 dxc4 15.
dxc4 Nf5 16. Rd1 Qe7 17. c5 Ncd4 18. Nxd4 Nxd4 19. Bxb7 Qxb7 20. Be3 Nf5 21.
Nb5 Rac8 22. Qa3 a6 23. Nd6 Nxd6 24. Rxd6 bxc5 25. Qxa6 Qe4 26. Qd3 Qxd3 27.
Rxd3 c4 28. Rd2 Rfd8 29. Rc2 Bd4 30. Bxd4 Rxd4 31. b5 Rb8 32. Rb4 Rd5 1/2-1/2

[Event "e2e4.org.uk Bedford Open"]
[Site "Park Inn Hotel, Bedford, Engla"]
[Date "2013.09.21"]
[Round "2"]
[White "Davison, Chris"]
[Black "Burrows, Martin P"]
[Result "1/2-1/2"]
[WhiteElo "1927"]
[BlackElo "2142"]
[PlyCount "66"]
[EventDate "2013.??.??"]

1. e4 c5 2. Nf3 d6 3. d4 cxd4 4. Nxd4 Nf6 5. Nc3 a6 6. Be2 e5 7. Nb3 Be7 8. O-O
O-O 9. Be3 Be6 10. f4 exf4 11. Rxf4 Nc6 12. Nd5 Nd7 13. Nxe7+ Qxe7 14. Qd2 Nde5
15. Nd4 Nxd4 16. Bxd4 Rac8 17. b3 Bd7 18. Rf2 Bc6 19. Bf3 f5 20. exf5 Nxf3+ 21.
gxf3 Rxf5 22. Rg2 Rf7 23. Rf1 Rcf8 24. Qc3 g6 25. Rg3 Qh4 26. Qd3 Qh5 27. Kg2
Rxf3 28. Rgxf3 Rxf3 29. Rxf3 Qg4+ 30. Kf2 Bxf3 31. Qe3 Bc6 32. c3 Kf7 33. Qh6
Ke6 1/2-1/2

[Event "e2e4.org.uk Bedford Open"]
[Site "Park Inn Hotel, Bedford, Engla"]
[Date "2013.09.21"]
[Round "2"]
[White "Burgin, Ryan"]
[Black "Sisoev, Robert"]
[Result "1-0"]
[WhiteElo "2055"]
[BlackElo "1791"]
[PlyCount "94"]
[EventDate "2013.??.??"]

1. d4 Nf6 2. Nf3 g6 3. Bg5 Bg7 4. Nbd2 d5 5. e3 Nbd7 6. Be2 O-O 7. O-O c5 8. c3
b6 9. b4 cxb4 10. cxb4 Bb7 11. Rc1 a5 12. b5 Ne8 13. a4 Nd6 14. Bf4 Re8 15. Qb3
Nf8 16. Ne5 Ne6 17. Nc6 Qd7 18. Be5 Rac8 19. Bxg7 Kxg7 20. Qxd5 Nd8 21. Ne5 Qf5
22. Qb3 f6 23. Bg4 Qg5 24. f4 Qh6 25. Bxc8 Bxc8 26. Nc6 N8f7 27. d5 g5 28. Nd4
g4 29. e4 Qg6 30. Rce1 Nb7 31. e5 Nc5 32. Qc4 g3 33. Ne6+ Bxe6 34. dxe6 gxh2+
35. Kh1 Nh6 36. Ne4 Nxe4 37. Qxe4 Nf5 38. exf6+ exf6 39. Rf3 Ng3+ 40. Rxg3 Qxg3
41. Rd1 Qg6 42. f5 Qh5 43. Rd3 Kf8 44. Rh3 Qd1+ 45. Kxh2 Qd6+ 46. Rg3 Rc8 47.
Qh4 Qe7 1-0

[Event "e2e4.org.uk Bedford Open"]
[Site "Park Inn Hotel, Bedford, Engla"]
[Date "2013.09.21"]
[Round "2"]
[White "Collins, Andrew"]
[Black "Molofej, Denis"]
[Result "0-1"]
[WhiteElo "1737"]
[BlackElo "2053"]
[PlyCount "92"]
[EventDate "2013.??.??"]

1. e4 c5 2. Nf3 d6 3. d4 cxd4 4. Nxd4 Nf6 5. Nc3 a6 6. Be2 e5 7. Nb3 Be6 8. Bg5
Be7 9. Qd2 O-O 10. O-O Nbd7 11. Rad1 Qc7 12. Bxf6 Nxf6 13. Nd5 Nxd5 14. exd5
Bf5 15. c4 b6 16. Nc1 a5 17. b3 e4 18. Rde1 Bg6 19. Qd1 h6 20. Bh5 Bh7 21. Bg4
f5 22. Bh3 g5 23. g3 Qc5 24. Qe2 Bf6 25. Kh1 Rae8 26. f4 exf3 27. Qxe8 Rxe8 28.
Rxe8+ Kf7 29. Ra8 Qe3 30. Ra7+ Kg6 31. g4 f4 32. a4 Bb2 33. Rd7 Bxc1 34. Rxd6+
Kg7 35. Rd7+ Kh8 36. Rd8+ Bg8 37. d6 Ba3 38. d7 Qe7 39. Rb8 Qxd7 40. Re1 Qc6
41. Rf1 Kg7 42. Rd1 Bh7 43. Rbd8 f2+ 44. Bg2 Be4 45. R1d7+ Kf6 46. Rf8+ Bxf8
0-1

[Event "e2e4.org.uk Bedford Open"]
[Site "Park Inn Hotel, Bedford, Engla"]
[Date "2013.09.21"]
[Round "2"]
[White "Macreamoinn, Brian"]
[Black "Llewellyn, Alan M"]
[Result "1/2-1/2"]
[WhiteElo "2024"]
[BlackElo "1590"]
[PlyCount "77"]
[EventDate "2013.??.??"]

1. d4 Nf6 2. c4 g6 3. Nc3 d5 4. Bg5 Bg7 5. Bxf6 Bxf6 6. Nxd5 Bg5 7. e3 O-O 8.
Nf3 e6 9. Nxg5 exd5 10. Nf3 Bg4 11. h3 Be6 12. c5 Nc6 13. Be2 Qf6 14. O-O Rfe8
15. a3 Kh8 16. b4 g5 17. Nh2 Qh6 18. Ng4 Qh4 19. Kh2 Bxg4 20. Bxg4 Rg8 21. Qf3
f5 22. Bxf5 h5 23. g3 g4 24. gxh4 gxf3 25. Rg1 Rxg1 26. Rxg1 Ne7 27. Rg5 a5 28.
b5 c6 29. b6 Rf8 30. Rxh5+ Kg7 31. Rh7+ Kf6 32. Bg4 a4 33. h5 Nf5 34. Rxb7 Kg5
35. Bxf5 Kxf5 36. Rg7 Kf6 37. h6 Rh8 38. b7 Rc8 39. bxc8=Q 1/2-1/2

[Event "e2e4.org.uk Bedford Open"]
[Site "Park Inn Hotel, Bedford, Engla"]
[Date "2013.09.21"]
[Round "3"]
[White "Eggleston, David J"]
[Black "Wells, Peter K"]
[Result "1-0"]
[WhiteElo "2337"]
[BlackElo "2485"]
[PlyCount "109"]
[EventDate "2013.??.??"]

1. e4 e5 2. Nf3 Nc6 3. Bc4 Nf6 4. d3 Be7 5. O-O O-O 6. c3 d6 7. Bb3 Nd7 8. d4
Bf6 9. Be3 Na5 10. Bc2 c5 11. Nbd2 exd4 12. cxd4 cxd4 13. Nxd4 Ne5 14. f3 Nec6
15. Nxc6 Nxc6 16. Nc4 Be6 17. Nxd6 Bxb2 18. Rb1 Be5 19. Nxb7 Qc7 20. Ba4 Bc4
21. Bxc6 Bxf1 22. Bd5 Ba6 23. Nc5 Bf4 24. Nxa6 Bxe3+ 25. Kh1 Qa5 26. Bxa8 Qxa6
27. Bd5 Qh6 28. g3 Bb6 29. f4 Rd8 30. Qb3 Kh8 31. Rc1 Qg6 32. Qf3 f6 33. Kg2
Qe8 34. Rc6 Qd7 35. g4 Qe7 36. h4 Bc7 37. a3 Rb8 38. Qc3 Qd7 39. Kf3 Bb6 40. h5
h6 41. a4 Bd8 42. Qc2 Qe7 43. Qc5 Qxc5 44. Rxc5 Bb6 45. Rc6 Bd4 46. Be6 a5 47.
Rc7 Bb6 48. Rc1 Bd8 49. e5 fxe5 50. fxe5 Be7 51. Rc7 Bb4 52. Ke4 Bf8 53. Kf5
Re8 54. Bf7 Rb8 55. e6 1-0

[Event "e2e4.org.uk Bedford Open"]
[Site "Park Inn Hotel, Bedford, Engla"]
[Date "2013.09.21"]
[Round "3"]
[White "Williams, Simon K"]
[Black "Jackson, James P"]
[Result "1/2-1/2"]
[WhiteElo "2469"]
[BlackElo "2231"]
[PlyCount "160"]
[EventDate "2013.??.??"]

1. d4 Nf6 2. c4 c5 3. d5 e6 4. Nc3 exd5 5. cxd5 d6 6. Nf3 g6 7. Bf4 a6 8. a4
Bg7 9. e3 O-O 10. h3 Re8 11. Nd2 Nbd7 12. Be2 Ne5 13. O-O Nfd7 14. e4 Qe7 15.
Bg3 g5 16. a5 Ng6 17. Nc4 Nde5 18. Ne3 Nf4 19. Na4 Bd7 20. Nb6 Nxe2+ 21. Qxe2
Bb5 22. Qh5 Rad8 23. Nf5 Qf6 24. Bxe5 Rxe5 25. Rfe1 Qg6 26. Qf3 Ree8 27. Rab1
Be5 28. b3 h5 29. g3 Kh7 30. Kg2 Rh8 31. Ne7 Qf6 32. Qxh5+ Kg7 33. Nf5+ Qxf5
34. Qxh8+ Rxh8 35. exf5 Bd3 36. Nc4 Bc3 37. Nxd6 Rd8 38. Ne4 Bxa5 39. Nxc5 Bxb1
40. Rxb1 Rxd5 41. Nxb7 Bb6 42. f6+ Kxf6 43. Rc1 Kg7 44. Rc6 Rb5 45. Nd6 Rxb3
46. Nc4 Rc3 47. Rxb6 Rxc4 48. Rxa6 f6 49. Rd6 Kg6 50. Kf3 Rc2 51. Ke3 Ra2 52.
Rd2 Ra4 53. Rd4 Ra2 54. Rd3 Rb2 55. g4 Rb4 56. Kf3 Rf4+ 57. Kg3 Ra4 58. Re3 Rb4
59. Ra3 Rc4 60. Ra6 Rc3+ 61. f3 Rb3 62. Ra5 Rc3 63. Rf5 Ra3 64. h4 gxh4+ 65.
Kxh4 Rb3 66. Kg3 Rb4 67. Rd5 Rb3 68. Kf4 Ra3 69. Rd4 Ra5 70. Ke4 f5+ 71. gxf5+
Rxf5 72. Rd6+ Kg5 73. Re6 Rf4+ 74. Ke3 Ra4 75. Rc6 Kf5 76. Rc5+ Kf6 77. Kf2 Rb4
78. Kg3 Ra4 79. f4 Ra1 80. Kf2 Ra3 1/2-1/2

[Event "e2e4.org.uk Bedford Open"]
[Site "Park Inn Hotel, Bedford, Engla"]
[Date "2013.09.21"]
[Round "3"]
[White "Sowray, Peter J"]
[Black "Harvey, Marcus R"]
[Result "1-0"]
[WhiteElo "2341"]
[BlackElo "2207"]
[PlyCount "253"]
[EventDate "2013.??.??"]

1. d4 e6 2. c4 Nf6 3. Nc3 Bb4 4. e3 O-O 5. Nge2 b6 6. a3 Bxc3+ 7. Nxc3 Bb7 8.
d5 d6 9. Be2 Nbd7 10. O-O Re8 11. f3 Ne5 12. e4 c6 13. dxc6 Bxc6 14. Bf4 Qe7
15. Qd2 Red8 16. Rfd1 Rd7 17. a4 Rad8 18. Qc2 Ng6 19. Bg3 Nh5 20. Bf2 Nhf4 21.
Bf1 Qg5 22. Kh1 Qh5 23. b4 Ne5 24. Be3 g5 25. a5 Nfg6 26. Qf2 Rf8 27. axb6 axb6
28. Qg3 f5 29. exf5 Rxf5 30. b5 Bb7 31. Ne4 g4 32. fxg4 Qxg4 33. Nc3 Rdf7 34.
Be2 Qh4 35. Rxd6 Nxc4 36. Qxh4 Nxh4 37. Bxc4 Nxg2 38. Rg1 Kf8 39. Bh6+ Ke8 40.
Rxe6+ Re7 41. Rxe7+ Kxe7 42. Bd5 Bxd5 43. Nxd5+ Rxd5 44. Kxg2 Rxb5 45. Rd1 Rb3
46. Bf4 Ke6 47. Kf2 b5 48. Ke2 Kf5 49. Bg3 h5 50. Rd3 Rb1 51. Kd2 h4 52. Bb8
Kg4 53. Kc2 Rf1 54. Kc3 Rb1 55. Bd6 Rc1+ 56. Kb4 Rb1+ 57. Rb3 Rd1 58. Kc5 Rd2
59. Bb8 Rd8 60. Bc7 Rc8 61. Kb6 b4 62. Rxb4+ Kh3 63. Rb3+ Kg2 64. Rb2+ Kh3 65.
Kc6 Re8 66. Kd5 Re1 67. Be5 Rd1+ 68. Ke4 Re1+ 69. Kd5 Rd1+ 70. Ke6 Rf1 71. Re2
Rf3 72. Kd5 Rf8 73. Ke4 Rf7 74. Ra2 Rf3 75. Ra8 Rf1 76. Rh8 Kg4 77. Rg8+ Kh3
78. Ra8 Rf3 79. Bg3 Rb3 80. Rh8 Rb4+ 81. Kf3 Rb3+ 82. Kf2 Rb2+ 83. Kf1 Rb4 84.
Be5 Rb5 85. Re8 Ra5 86. Bc7 Ra3 87. Re1 Rc3 88. Be5 Ra3 89. Kg1 Rd3 90. Bf4 Kg4
91. Bc1 Kf3 92. Rf1+ Kg4 93. Kg2 Rc3 94. h3+ Kh5 95. Bf4 Kg6 96. Rf3 Rc2+ 97.
Rf2 Rc3 98. Re2 Kf5 99. Re3 Rc1 100. Bb8 Rb1 101. Re5+ Kf6 102. Re8 Rb3 103.
Bf4 Kf5 104. Be3 Rb4 105. Kf3 Rb1 106. Ra8 Rb4 107. Ra5+ Kf6 108. Bf4 Rb1 109.
Kg4 Kg6 110. Ra6+ Kh7 111. Kxh4 Rb4 112. Kg4 Rb1 113. Bg5 Kg7 114. h4 Rb7 115.
h5 Rb4+ 116. Bf4 Rb1 117. Kf5 Rb5+ 118. Be5+ Kh7 119. Re6 Rb7 120. Kg5 Ra7 121.
Rc6 Ra2 122. Rc7+ Kg8 123. h6 Rg2+ 124. Kf6 Rf2+ 125. Ke6 Rf7 126. h7+ Rxh7
127. Rc8# 1-0

[Event "e2e4.org.uk Bedford Open"]
[Site "Park Inn Hotel, Bedford, Engla"]
[Date "2013.09.21"]
[Round "3"]
[White "Goodger, Martyn"]
[Black "Arkell, Keith C"]
[Result "0-1"]
[WhiteElo "2111"]
[BlackElo "2451"]
[PlyCount "74"]
[EventDate "2013.??.??"]

1. e4 c6 2. Nf3 d5 3. Nc3 Bg4 4. h3 Bxf3 5. gxf3 g6 6. d4 Bg7 7. Be3 Nf6 8. Qd2
Qa5 9. O-O-O b5 10. e5 Nh5 11. Kb1 Nd7 12. e6 Nb6 13. exf7+ Kxf7 14. Qd3 Nc4
15. f4 e6 16. Be2 Nf6 17. Bf3 Nd6 18. h4 b4 19. Ne2 Qb5 20. Qd2 a5 21. h5 a4
22. hxg6+ hxg6 23. Rxh8 Rxh8 24. Rg1 a3 25. b3 Nde4 26. Qe1 Rh3 27. Qf1 Rh2 28.
f5 Rxf2 29. fxe6+ Ke7 30. Qh3 Rxe2 31. Bxe4 dxe4 32. Qg3 Kxe6 33. Qxg6 Rxe3 34.
Qxg7 Rf3 35. Qg2 Qd5 36. Qd2 c5 37. Rd1 Qxd4 0-1

[Event "e2e4.org.uk Bedford Open"]
[Site "Park Inn Hotel, Bedford, Engla"]
[Date "2013.09.21"]
[Round "3"]
[White "Player, Edmund C"]
[Black "Bonafont, Philip R"]
[Result "1-0"]
[WhiteElo "2253"]
[BlackElo "2033"]
[PlyCount "81"]
[EventDate "2013.??.??"]

1. e4 c5 2. Nf3 d6 3. c4 e5 4. Nc3 Nc6 5. g3 Nf6 6. Bg2 Be7 7. O-O O-O 8. d3
Ne8 9. Ne1 Be6 10. f4 exf4 11. Bxf4 Bf6 12. Qd2 Nd4 13. Rb1 Nc7 14. b4 cxb4 15.
Rxb4 Rb8 16. Be3 Nc6 17. Rb1 Bd4 18. Nc2 Bxe3+ 19. Nxe3 Ne5 20. Rb2 Qd7 21. Qe2
b5 22. Rfb1 Nc6 23. cxb5 Nd4 24. Qh5 g6 25. Qh6 Rfc8 26. a4 Qd8 27. Ned1 d5 28.
Qe3 dxe4 29. dxe4 Bc4 30. Rd2 Nce6 31. Nd5 Bxd5 32. exd5 Nf5 33. dxe6 Nxe3 34.
Rxd8+ Rxd8 35. exf7+ Kxf7 36. Nxe3 Rd3 37. Nc4 Rc3 38. Ne5+ Kg7 39. Nc6 Rb7 40.
Ra1 Rc2 41. Nd4 1-0

[Event "e2e4.org.uk Bedford Open"]
[Site "Park Inn Hotel, Bedford, Engla"]
[Date "2013.09.21"]
[Round "3"]
[White "Hunt, Adam C"]
[Black "Sathyanandha, Saravanan"]
[Result "1-0"]
[WhiteElo "2426"]
[BlackElo "2127"]
[PlyCount "99"]
[EventDate "2013.??.??"]

1. e4 e6 2. d4 d5 3. Nc3 Nf6 4. Bg5 Be7 5. e5 Nfd7 6. h4 Nc6 7. Nh3 f6 8. Nf4
Nf8 9. exf6 Bxf6 10. Bb5 Bd7 11. Bxc6 Bxc6 12. Qh5+ g6 13. Qg4 Qe7 14. O-O-O
O-O-O 15. Rhe1 h5 16. Qg3 Qf7 17. Re3 Re8 18. Rf3 Bxg5 19. Qxg5 Qg7 20. Rg3 Qh6
21. Re1 Qg7 22. Rd1 Qf7 23. Nd3 Rg8 24. Ne5 Qe7 25. Qf4 Nd7 26. Nxg6 Qh7 27.
Ne5 Rgf8 28. Qe3 Nxe5 29. dxe5 b6 30. Ne2 Bd7 31. Rd4 Rf5 32. Rf4 Ref8 33. Rg5
Be8 34. g3 c5 35. Rfxf5 Rxf5 36. Nf4 Rxg5 37. hxg5 Qf5 38. Nd3 Kd7 39. Qf4 Bg6
40. Qxf5 Bxf5 41. Nf4 Bg4 42. Kd2 Ke7 43. c3 a6 44. Ke3 Kf7 45. f3 Bf5 46. Nxh5
b5 47. g4 Bb1 48. a3 a5 49. Nf4 b4 50. cxb4 1-0

[Event "e2e4.org.uk Bedford Open"]
[Site "Park Inn Hotel, Bedford, Engla"]
[Date "2013.09.21"]
[Round "3"]
[White "Fernandez, Daniel Howard"]
[Black "Burgin, Ryan"]
[Result "1-0"]
[WhiteElo "2388"]
[BlackElo "2055"]
[PlyCount "125"]
[EventDate "2013.??.??"]

1. d4 d5 2. c4 e6 3. Nf3 Nf6 4. cxd5 exd5 5. Nc3 c6 6. Bg5 Be7 7. e3 Nbd7 8.
Bd3 Nh5 9. Bxe7 Qxe7 10. O-O O-O 11. Rb1 a5 12. a3 Nhf6 13. Qc2 Re8 14. b4 axb4
15. axb4 Ne4 16. b5 Nxc3 17. Qxc3 c5 18. Ra1 Rxa1 19. Rxa1 Qf6 20. Qa3 g6 21.
Bc2 cxd4 22. Nxd4 Ne5 23. Bb3 Ng4 24. Rf1 Qe5 25. Nf3 Qf5 26. Qc5 Nf6 27. Qc7
Qd7 28. Qxd7 Bxd7 29. Nd4 Rc8 30. Rb1 Kf8 31. h3 Ke7 32. Ra1 Kd6 33. g4 h5 34.
f3 hxg4 35. hxg4 Rc5 36. Ra2 Kc7 37. Ra8 Ne8 38. Ba4 Rc1+ 39. Kf2 Ra1 40. b6+
Kxb6 41. Rxe8 Rxa4 42. Re7 Ra2+ 43. Kg3 Be6 44. Nxe6 fxe6 45. Rxe6+ Kc5 46.
Rxg6 b5 47. Rg8 Ra6 48. Rc8+ Kd6 49. Rb8 Kc5 50. g5 b4 51. Kf4 Re6 52. Rc8+ Kb5
53. e4 dxe4 54. fxe4 b3 55. Rc1 Rc6 56. Rb1 Kc4 57. Kf5 Rc5+ 58. e5 Kd4 59. Kf6
Rc3 60. Rd1+ Ke4 61. e6 Rf3+ 62. Kg7 Kf5 63. e7 1-0

[Event "e2e4.org.uk Bedford Open"]
[Site "Park Inn Hotel, Bedford, Engla"]
[Date "2013.09.21"]
[Round "3"]
[White "Roberson, Peter T"]
[Black "Maroroa, Sue"]
[Result "1/2-1/2"]
[WhiteElo "2384"]
[BlackElo "2099"]
[PlyCount "122"]
[EventDate "2013.??.??"]

1. e4 c5 2. c3 d5 3. exd5 Qxd5 4. d4 Nc6 5. Nf3 Bf5 6. Be3 cxd4 7. Nxd4 e6 8.
Nxf5 Qxd1+ 9. Kxd1 exf5 10. Bd3 g6 11. Nd2 O-O-O 12. Kc2 Bh6 13. Rhe1 Bxe3 14.
Rxe3 Nf6 15. Nf3 Nd5 16. Re2 Nf4 17. Rd2 Nxg2 18. Rad1 f6 19. Bb5 Rxd2+ 20.
Rxd2 Rd8 21. Re2 Nf4 22. Re1 a6 23. Bxc6 bxc6 24. Nd4 Rd6 25. b4 Kd7 26. a4 Ne6
27. Nb3 Rd5 28. Re2 h5 29. Na5 Nf4 30. Re3 Re5 31. Nb3 Rxe3 32. Nc5+ Kc8 33.
fxe3 Nd5 34. Kd3 a5 35. bxa5 g5 36. c4 Nc7 37. a6 g4 38. a7 h4 39. Ke2 Na8 40.
Kf2 Kc7 41. a5 Kd6 42. Na4 Kc7 43. a6 c5 44. Nxc5 Kb6 45. Nd7+ Kxa7 46. Nxf6
Kxa6 47. Ne8 Kb6 48. Nd6 Kc5 49. Nxf5 g3+ 50. Nxg3 hxg3+ 51. Kxg3 Kxc4 52. Kf4
Kd5 53. Kf5 Kd6 54. Kf6 Nb6 55. e4 Nd7+ 56. Kf7 Ke5 57. h4 Nf6 58. Kg6 Nxe4 59.
h5 Nf6 60. h6 Ke6 61. h7 Nxh7 1/2-1/2

[Event "e2e4.org.uk Bedford Open"]
[Site "Park Inn Hotel, Bedford, Engla"]
[Date "2013.09.21"]
[Round "3"]
[White "Tan, Justin"]
[Black "Molofej, Denis"]
[Result "1-0"]
[WhiteElo "2333"]
[BlackElo "2053"]
[PlyCount "75"]
[EventDate "2013.??.??"]

1. e4 c5 2. Nf3 d6 3. d4 cxd4 4. Nxd4 Nf6 5. Nc3 a6 6. Be3 e5 7. Nf3 Qc7 8. a4
Be7 9. Be2 O-O 10. O-O h6 11. a5 Be6 12. Ne1 Nbd7 13. Bf3 b5 14. Nd3 Bc4 15.
Re1 Bxd3 16. cxd3 Rac8 17. Qd2 Nc5 18. Bd1 b4 19. Na4 Qxa5 20. Bxc5 dxc5 21.
Bb3 Rfd8 22. Bc4 Rc6 23. b3 Qc7 24. Re3 Rd4 25. Qe2 Bf8 26. Rf3 Rcd6 27. Nb2 a5
28. h3 Qd8 29. Rf5 Rd7 30. Qf3 Bd6 31. g4 Bc7 32. h4 Nh7 33. Bxf7+ Kh8 34. Bc4
Qxh4 35. Rf8+ Nxf8 36. Qxf8+ Kh7 37. Bg8+ Kg6 38. Qf5# 1-0

[Event "e2e4.org.uk Bedford Open"]
[Site "Park Inn Hotel, Bedford, Engla"]
[Date "2013.09.21"]
[Round "3"]
[White "Ukken, Somton"]
[Black "Merry, Alan B"]
[Result "0-1"]
[WhiteElo "2008"]
[BlackElo "2310"]
[PlyCount "46"]
[EventDate "2013.??.??"]

1. d4 Nf6 2. Nf3 g6 3. c4 Bg7 4. Nc3 O-O 5. e4 d6 6. Be2 Nbd7 7. O-O e5 8. d5
Ne8 9. Ne1 f5 10. f4 Nc5 11. exf5 Bxf5 12. Bg4 Bxg4 13. Qxg4 exf4 14. Rxf4 Nf6
15. Qd1 Qe7 16. Rf1 Nfe4 17. Rxf8+ Rxf8 18. Nf3 Nxc3 19. bxc3 Bxc3 20. Rb1 Qe4
21. Bh6 Nd3 22. Rb3 Qd4+ 23. Nxd4 Bxd4+ 0-1

[Event "e2e4.org.uk Bedford Open"]
[Site "Park Inn Hotel, Bedford, Engla"]
[Date "2013.09.21"]
[Round "3"]
[White "Calvert, D Ian"]
[Black "Ledger, Dave J"]
[Result "0-1"]
[WhiteElo "1985"]
[BlackElo "2288"]
[PlyCount "94"]
[EventDate "2013.??.??"]

1. Nf3 Nf6 2. b3 d6 3. d4 g6 4. Bb2 Bg7 5. g3 O-O 6. Bg2 c6 7. c4 Qa5+ 8. Qd2
Qh5 9. Qg5 Qxg5 10. Nxg5 h6 11. Nf3 Ne4 12. Nfd2 Nxd2 13. Nxd2 c5 14. Nf3 Nc6
15. e3 g5 16. Rd1 Nb4 17. a3 Nc6 18. Bc3 Rb8 19. a4 a6 20. O-O Bf5 21. Rc1 Rfc8
22. Rfd1 Nb4 23. Bxb4 cxb4 24. d5 Bb2 25. Nd4 Bg4 26. f3 Bxc1 27. Rxc1 Bd7 28.
f4 b5 29. axb5 axb5 30. Nc6 Bxc6 31. dxc6 Rc7 32. h4 bxc4 33. Rxc4 gxh4 34.
gxh4 e6 35. f5 d5 36. Rg4+ Kh7 37. fxe6 fxe6 38. e4 Rxc6 39. exd5 Rc1+ 40. Kh2
Rg8 41. Be4+ Kh8 42. Rxg8+ Kxg8 43. dxe6 Rc3 44. Bd5 Kf8 45. h5 Ke7 46. Kg2 Kd6
47. e7 Kxe7 0-1

[Event "e2e4.org.uk Bedford Open"]
[Site "Park Inn Hotel, Bedford, Engla"]
[Date "2013.09.21"]
[Round "3"]
[White "Eames, Robert S"]
[Black "Savage, Nicholas W"]
[Result "1-0"]
[WhiteElo "2223"]
[BlackElo "1982"]
[PlyCount "77"]
[EventDate "2013.??.??"]

1. e4 e5 2. f4 d5 3. exd5 exf4 4. Nf3 Nf6 5. Bb5+ c6 6. dxc6 Nxc6 7. d4 Bd6 8.
O-O O-O 9. c3 Bg4 10. Bd3 Re8 11. Nbd2 Rc8 12. Nc4 Bb8 13. a4 Qd5 14. b3 Rcd8
15. Bb2 Qh5 16. Qc2 Nd5 17. h3 Bc8 18. Qf2 Ne3 19. Rfe1 Bf5 20. Bxf5 Qxf5 21.
Nxe3 fxe3 22. Rxe3 Rxe3 23. Qxe3 Qc2 24. Re1 h6 25. Qe2 Qxb3 26. c4 Bg3 27. Rf1
Bf4 28. Re1 Bg3 29. Rc1 Qxa4 30. d5 Na5 31. Qe4 Bd6 32. Nh4 Re8 33. Qg4 Be5 34.
Bxe5 Rxe5 35. Nf5 g6 36. Nxh6+ Kg7 37. Qf4 Qe8 38. Ng4 Re1+ 39. Kh2 1-0

[Event "e2e4.org.uk Bedford Open"]
[Site "Park Inn Hotel, Bedford, Engla"]
[Date "2013.09.21"]
[Round "3"]
[White "Jaszkiwskyj, Peter"]
[Black "Mangione, Claudio"]
[Result "0-1"]
[WhiteElo "1979"]
[BlackElo "2146"]
[PlyCount "76"]
[EventDate "2013.??.??"]

1. d4 g6 2. Nf3 Bg7 3. Bf4 d6 4. e3 Nd7 5. Be2 e5 6. Bg3 Ne7 7. O-O O-O 8. c4
Nf5 9. Nc3 c6 10. Rc1 h5 11. Bd3 exd4 12. exd4 Nxg3 13. hxg3 Re8 14. Qd2 Nf8
15. Bb1 Bg4 16. b3 Qb6 17. d5 c5 18. Ne4 Nh7 19. Qf4 Rad8 20. Nfg5 Nxg5 21.
Qxg5 Re5 22. Qd2 Rde8 23. Rfe1 Qd8 24. f3 Bc8 25. f4 R5e7 26. Ng5 Bd4+ 27. Kf1
Be3 28. Rxe3 Rxe3 29. Ne6 Bxe6 30. Qxe3 Bxd5 31. Qd2 Bc6 32. Rd1 Qe7 33. Bc2 a6
34. a4 Kh7 35. Qd3 f5 36. Kg1 Qe2 37. Rd2 Qe1+ 38. Kh2 Re3 0-1

[Event "e2e4.org.uk Bedford Open"]
[Site "Park Inn Hotel, Bedford, Engla"]
[Date "2013.09.21"]
[Round "3"]
[White "Burrows, Martin P"]
[Black "Oyama, Akito"]
[Result "1/2-1/2"]
[WhiteElo "2142"]
[BlackElo "1990"]
[PlyCount "138"]
[EventDate "2013.??.??"]

1. e4 c5 2. Nf3 Nc6 3. d4 cxd4 4. Nxd4 e5 5. Nb5 d6 6. c4 Be7 7. N1c3 a6 8. Na3
f5 9. exf5 Bxf5 10. Be3 Nf6 11. Be2 O-O 12. O-O Kh8 13. Rc1 Qe8 14. Nd5 Qg6 15.
Nxf6 Qxf6 16. Nb1 Bxb1 17. Rxb1 Qg6 18. Qd2 Rad8 19. Rbd1 Bf6 20. Qd5 Rd7 21.
a3 Nd4 22. Bxd4 exd4 23. Bd3 Qf7 24. Qf5 g6 25. Qg4 Rc7 26. b4 Be5 27. Rde1 Kg7
28. Re4 h5 29. Qe2 Bf6 30. Rf4 Re7 31. Qc2 g5 32. Rf5 Kh6 33. f4 g4 34. Rd5 Qe6
35. Bg6 Qe3+ 36. Kh1 Qxf4 37. Rxh5+ Kg7 38. Bd3 Qe3 39. Bh7 d3 40. Bxd3 Bd4 41.
Rhf5 Rh8 42. Qc1 Qxc1 43. Rxc1 Be3 44. Re1 g3 45. h3 Rhe8 46. Rff1 Bf2 47. Rd1
Re3 48. a4 Kf6 49. a5 R8e5 50. b5 Ke6 51. bxa6 bxa6 52. c5 Rxc5 53. Bxa6 Rxa5
54. Bc8+ Ke5 55. Rb1 d5 56. Bg4 d4 57. h4 Re4 58. Bh3 Rxh4 59. Rfc1 Re4 60. Rb8
d3 61. Re8+ Kd4 62. Rd8+ Ke3 63. Rxd3+ Kxd3 64. Bf5 Rxf5 65. Rc3+ Ke2 66. Re3+
Kd1 67. Rd3+ Ke2 68. Re3+ Kf1 69. Re1+ Bxe1 1/2-1/2

[Event "e2e4.org.uk Bedford Open"]
[Site "Park Inn Hotel, Bedford, Engla"]
[Date "2013.09.21"]
[Round "3"]
[White "Redman, David J"]
[Black "Macreamoinn, Brian"]
[Result "1-0"]
[WhiteElo "1797"]
[BlackElo "2024"]
[PlyCount "67"]
[EventDate "2013.??.??"]

1. d4 d5 2. c4 e6 3. Nc3 f5 4. Nf3 Nf6 5. Bg5 c6 6. h3 Be7 7. e3 O-O 8. Be2 Ne8
9. Bf4 Nd7 10. O-O Nd6 11. Rc1 Nf6 12. Ne5 Nfe4 13. c5 Nxc3 14. Rxc3 Ne4 15.
Rb3 Bg5 16. Bh2 Bf6 17. f3 Bxe5 18. Bxe5 Nf6 19. Qe1 Nd7 20. Bd6 Rf6 21. Qg3
Rg6 22. Qf4 h6 23. e4 Nf6 24. Qh4 Qe8 25. e5 f4 26. exf6 e5 27. dxe5 gxf6 28.
Bd3 f5 29. Qe7 Qxe7 30. Bxe7 Kf7 31. Bd6 Ke6 32. Rb4 b6 33. Rxf4 Kf7 34. Bxf5
1-0

[Event "e2e4.org.uk Bedford Open"]
[Site "Park Inn Hotel, Bedford, Engla"]
[Date "2013.09.21"]
[Round "3"]
[White "Amato, Giampiero"]
[Black "Dixit, Kumar"]
[Result "1-0"]
[WhiteElo "2015"]
[BlackElo "1931"]
[PlyCount "177"]
[EventDate "2013.??.??"]

1. e4 c6 2. c4 d5 3. cxd5 cxd5 4. exd5 Nf6 5. Nc3 Nxd5 6. d4 Nc6 7. Nf3 Bg4 8.
Bb5 Qa5 9. Qb3 Bxf3 10. gxf3 Nxc3 11. bxc3 e6 12. O-O Be7 13. d5 a6 14. Bxc6+
bxc6 15. Qb7 Rd8 16. Qxc6+ Kf8 17. dxe6 fxe6 18. Be3 Qd5 19. Qxd5 Rxd5 20. Rab1
Kf7 21. Rb7 Rhd8 22. c4 R8d7 23. Rfb1 Rd3 24. c5 Rxb7 25. Rxb7 Ke8 26. c6 Rc3
27. Rb8+ Kf7 28. Rb6 a5 29. Bf4 Kf6 30. c7 Kf5 31. Rb8 Kxf4 32. c8=Q Rxc8 33.
Rxc8 Kxf3 34. Rc3+ Ke4 35. Kg2 h6 36. f3+ Kf5 37. Rc7 Kf6 38. h3 Bb4 39. Kf1 g5
40. Ke2 Kf5 41. Rf7+ Kg6 42. Rc7 Kf5 43. Rc4 Kf6 44. Kd3 Kf5 45. Re4 h5 46. Kc4
Bd2 47. Kb5 e5 48. a4 h4 49. Rc4 Bb4 50. Kc6 Ke6 51. Rg4 Bd2 52. Re4 Bb4 53.
Kb5 Kf5 54. Rxb4 axb4 55. Kxb4 g4 56. fxg4+ Kf4 57. Kc3 Kg3 58. a5 e4 59. a6 e3
60. Kd3 Kf2 61. a7 e2 62. a8=Q e1=Q 63. Qa7+ Kf3 64. Qf7+ Kg3 65. Qf5 Qd1+ 66.
Ke3 Qe1+ 67. Kd4 Qb4+ 68. Ke5 Qc5+ 69. Ke4 Qe7+ 70. Qe5+ Qxe5+ 71. Kxe5 Kxh3
72. g5 Kg2 73. g6 h3 74. g7 h2 75. g8=Q+ Kh1 76. Qf7 Kg1 77. Qg6+ Kh1 78. Qf5
Kg2 79. Qe4+ Kg1 80. Qe1+ Kg2 81. Qe2+ Kg1 82. Qe3+ Kg2 83. Qg5+ Kh1 84. Qc1+
Kg2 85. Qc2+ Kg1 86. Qd1+ Kg2 87. Kf4 h1=Q 88. Qe2+ Kg1 89. Kg3 1-0

[Event "e2e4.org.uk Bedford Open"]
[Site "Park Inn Hotel, Bedford, Engla"]
[Date "2013.09.21"]
[Round "3"]
[White "Llewellyn, Alan M"]
[Black "Gibson, Christopher A"]
[Result "0-1"]
[WhiteElo "1590"]
[BlackElo "2014"]
[PlyCount "72"]
[EventDate "2013.??.??"]

1. c4 c5 2. Nc3 Nc6 3. e4 g6 4. f4 Bg7 5. Nf3 d6 6. d3 Bg4 7. Be2 Bxf3 8. Bxf3
e6 9. O-O Nge7 10. f5 gxf5 11. exf5 Bd4+ 12. Kh1 Nxf5 13. Bxc6+ bxc6 14. Rxf5
exf5 15. Qf3 Kd7 16. Qxf5+ Kc7 17. Ne4 Qd7 18. Qf3 f5 19. Nxd6 Qxd6 20. Bf4 Be5
21. Bg5 h6 22. Bh4 f4 23. b4 Bxa1 24. bxc5 Qe6 25. Qxf4+ Be5 26. Qe4 Raf8 27.
Qe1 Bc3 28. Bg3+ Kd7 29. Qd1 Be5 30. Bxe5 Qxe5 31. Qg4+ Qf5 32. Qg7+ Rf7 33.
Qd4+ Kc7 34. Qd6+ Kb7 35. h3 Qf1+ 36. Kh2 Qf4+ 0-1